| 000 | 00570nam a22001817a 4500 | ||
|---|---|---|---|
| 003 | CEME | ||
| 005 | 20210628201701.0 | ||
| 008 | 210204b xxu||||| |||| 00| 0 eng d | ||
| 020 | _a81-203-1712-2 | ||
| 040 | _c. | ||
| 082 | _a621.3821 KAR | ||
| 100 |
_aKartalopoulos, Stamatios _956337 |
||
| 245 | _aUnderstanding sonet/sdh and atm ,communications networks for the next millennium | ||
| 260 |
_aNEW DELHI _bPRENTICE HALL OF INDIA _c2003 |
||
| 300 | _aXXIII,257P | ||
| 650 |
_aSONET.SDH.ATM.COMMUNICATIONS NETWORKS FOR THE NEXT MILLENNIUM _956338 |
||
| 942 |
_cBK _2ddc |
||
| 999 |
_c566788 _d566788 |
||